| 000 | 01418nam a22002777a 4500 | ||
|---|---|---|---|
| 001 | 8815 | ||
| 003 | FISKH | ||
| 005 | 20251021162121.0 | ||
| 008 | 251021b cb ||||| |||| 00| 0 eng d | ||
| 020 | _a033500713002 | ||
| 040 |
_aFISKH _beng _cFISKH _dFISKH |
||
| 050 | _aPZ8.B188 J | ||
| 082 | _a398.2 | ||
| 100 | _aBalducci, Rita | ||
| 245 |
_aJack and the Beanstalk / _cRetold by Rita Balducci ; Illustrated by Richard Walz |
||
| 260 |
_aNew York : _bA Golden Book, _c1992. |
||
| 300 |
_a24 unnumbered pages : _bcolor illustrations ; _c20 cm |
||
| 505 | _aG | ||
| 520 | _aJuvenile Fiction. Juvenile Literature. Folklore. HTML:"Fee-fi-fo-fum, I smell the blood of an Englishman!" When Jack buys some magic beans from a mysterious old man they grown into a giant beanstalk and lead him to a place he could never have imagined...including a giant's castle! With beautiful and charming illustrations to enjoy again and again, this simple retelling of the children's classic fairy tale is perfect for beginning readers.Parragon is the largest illustrated non-fiction publisher in the world and a global leader in innovative digital books for children in many languages. Welcome to the world of Parragon! | ||
| 521 | 8 |
_a400
_bLexile estimate |
|
| 521 | 8 |
_aG
_bRaz-Plus |
|
| 650 |
_aFolk & Fairy Tales _vPicture book |
||
| 700 |
_aWalz, Richard _eillustrator |
||
| 942 |
_2ddc _cBK _n0 |
||
| 999 |
_c8815 _d8815 |
||